LEADER 01208nam a2200325 i 4500 001 991001027209707536 005 20020507181902.0 008 940830s1993 sz ||| | eng 020 $a3764328797 035 $ab10790925-39ule_inst 035 $aLE01305935$9ExL 040 $aDip.to Matematica$beng 082 0 $a515.353 084 $aAMS 35J45 084 $aAMS 49-XX 084 $aQA377 100 1 $aGiaquinta, Mariano$042383 245 10$aIntroduction to regularity theory for nonlinear elliptic systems /$cMariano Giaquinta 260 $aBasel ; Boston ; Berlin :$bBirkhauser,$c1993 300 $aviii, 130 p. :$bill. ;$c24 cm. 500 $aIncludes bibliographical references (p. [125]-130) and index 650 4$aElliptic differential equations 650 4$aHilbert spaces 650 4$aNonlinear differential equations 907 $a.b10790925$b21-09-06$c28-06-02 912 $a991001027209707536 945 $aLE013 35J GIA11 (1993)$g1$i2013000017648$lle013$o-$pE0.00$q-$rn$s- $t1$u3$v0$w3$x0$y.i10891511$z28-06-02 996 $aIntroduction to Regularity Theory for Nonlinear Elliptic Systems$9349753 997 $aUNISALENTO 998 $ale013$b01-01-94$cm$da $e-$feng$gsz $h0$i1 LEADER 02726nas 2200877-a 450 001 996202148403316 005 20230227213019.0 011 $a2328-2959 035 $a(CKB)954921400149 035 $a(CONSER)--2009235220 035 $a(MiAaPQ)36199 035 $a(DE-599)ZDB2068600-6 035 $a(OCoLC)38554406 035 $a(EXLCZ)99954921400149 100 $a19980305b19822003 --- a 101 0 $aeng 135 $aurmnu|||||||| 181 $ctxt$2rdacontent 182 $cc$2rdamedia 183 $acr$2rdacarrier 200 14$aThe Brookings review 210 $aWashington, D.C. $cBrookings Institution$d1982-2003 300 $aTitle from cover (JSTOR, viewed Mar. 6, 2009). 311 $a0745-1253 330 8 $aThe online version of the "Brookings Review," a quarterly magazine that tackled the economic, political, and foreign policy issues of the day, published by the Brookings Institution. 531 $aBROOKINGS REVIEW 531 $aBROOKINGS REV 531 0 $aBrookings rev. 606 $aSocial sciences$vPeriodicals 606 $aPolicy sciences$vPeriodicals 606 $aEconomics$vPeriodicals 606 $aSciences sociales$vPériodiques 606 $aSciences de la politique$vPériodiques 606 $aÉconomie politique$vPériodiques 606 $aEconomics$2fast$3(OCoLC)fst00902116 606 $aPolicy sciences$2fast$3(OCoLC)fst01068796 606 $aSocial sciences$2fast$3(OCoLC)fst01122877 606 $aOverheidsbeleid$2gtt 606 $aBuitenlandse politiek$2gtt 606 $aWirtschaftspolitik$2stw 606 $aAußenpolitik$2stw 606 $aUSA$2stw 606 $aWelt$2stw 606 $aECONOMIC CONDITIONS$2unbist 606 $aPOLITICAL CONDITIONS$2unbist 606 $aUNITED STATES$2unbist 608 $aCzasopismo ekonomiczne.$2dbn 608 $aPeriodicals.$2fast 610 $aEconomic History 615 0$aSocial sciences 615 0$aPolicy sciences 615 0$aEconomics 615 6$aSciences sociales 615 6$aSciences de la politique 615 6$aÉconomie politique 615 7$aEconomics. 615 7$aPolicy sciences. 615 7$aSocial sciences. 615 17$aOverheidsbeleid. 615 17$aBuitenlandse politiek. 615 7$aWirtschaftspolitik. 615 7$aAußenpolitik. 615 7$aUSA. 615 7$aWelt. 615 17$aECONOMIC CONDITIONS. 615 17$aPOLITICAL CONDITIONS. 615 17$aUNITED STATES. 676 $a300/.5 676 $a324.05 676 $a070.572 676 $a320.6 712 02$aBrookings Institution. 906 $aJOURNAL 912 $a996202148403316 996 $aBrookings review$9798715 997 $aUNISA